000 00878cam a2200265 i 4500
001 26953
003 Mx-PuUPA
005 20230531111143.0
008 140415s2016 mx gr 000 0 spa d
020 _a9786074174328
040 _cMx-PuUPA
_aMx-PuUPA
_bspa
_dMx-PuUPA
_erda
041 0 _aspa
245 0 0 _aEnsayos para una hermenéutica de la filosofía /
_cLuis Guerrero Martínez, coordinador
250 _aPrimera edición
264 1 _aCiudad de México :
_bUniversidad Ibeoramericana,
_c2016
300 _a209 páginas ;
_c21 cm
336 _2rdacontent
_atexto
_btxt
337 _2rdamedia
_asin medio
_bn
338 _2rdacarrier
_avolumen
_bnc
650 7 _2armarc
_aHermenéutica
_xFilosofía
700 1 _aGuerrero Martínez, Luis,
_ecoordinador
_914062
942 _2ddc
_cLI
_h121.686
_iE596
999 _c26953
_d26953